Statystyki dla Skład Manchesteru United w Premier League 2023/24

Kliknij tutaj aby rozwiązać quiz!

Ogólne statystyki

  • Ten quiz został rozwiązany 288 razy
  • Średni wynik to 21 z 33

Statystyki odpowiedzi

NumerZawodnik% Poprawnych
24Andre Onana
99%
5Harry Maguire
94%
10Marcus Rashford
94%
8Bruno Fernandes
93%
17Alejandro Garnacho
88%
18Casemiro
87%
23Luke Shaw
86%
19Raphael Varane
86%
11Rasmus Hojlund
86%
9Anthony Martial
85%
20Diogo Dalot
85%
29Aaron Wan-Bissaka
82%
21Antony
82%
6Lisandro Martinez
79%
2Victor Lindelof
79%
39Scott McTominay
74%
14Christian Eriksen
71%
7Mason Mount
69%
25Jadon Sancho
67%
12Tyrell Malacia
63%
37Kobbie Mainoo
61%
28Facundo Pellistri
54%
4Sofyan Amrabat
52%
22Tom Heaton
52%
1Altay Bayindir
43%
46Hannibal Mejbri
40%
16Amad Diallo
39%
34Donny van de Beek
38%
15Sergio Reguilon
37%
44Daniel Gore
19%
62Omari Forson
15%
47Shola Schoretire
15%
40Radek Vitek
9%

Rozkład punktacji

Percentyl według liczby udzielonych odpowiedzi

Procent ludzi z każdym wynikiem

Twoja historia wyników

Nie rozwiązałeś tego quizu